| 000 | 00731nam a22002177a 4500 | ||
|---|---|---|---|
| 003 | OSt | ||
| 005 | 20230726095253.0 | ||
| 008 | 221006b |||||||| |||| 00| 0 eng d | ||
| 040 | _cBiblioteca Lado V | ||
| 082 |
_a708 _bR763a |
||
| 100 |
_9707 _aRomero, Antonio _eautora |
||
| 245 | _aAntonio Romero/ | ||
| 260 |
_bCentro Cultural de España _c2006 _aEl Salvador |
||
| 300 |
_c17x17cm _a16p. _eincluye dos fotografías |
||
| 366 | _espa | ||
| 650 |
_2Tesauro de Arte & Arquitectura _aARTE _9703 |
||
| 650 |
_2Tesauro de Arte & Arquitectura _aEXPOSICION _9702 |
||
| 650 |
_2Tesauro de Arte & Arquitectura _aCATALOGO |
||
| 651 |
_2Tesauro de Arte & Arquitectura _aEL SALVADOR |
||
| 942 |
_2ddc _c1 _h708 _iR763a _n0 |
||
| 999 |
_c4086 _d4086 |
||